[Event "Kupreichik Memorial Rapid 2019"]
[Site "Minsk"]
[Date "2019.08.17"]
[Round "8.34"]
[White "Tarasionak, Arseni"]
[Black "Rataika, Mikalai"]
[Result "1-0"]
[WhiteElo "1209"]
[BlackElo "1920"]
[Annotator "NA RC"]
[PlyCount "115"]
[EventDate "2019.08.15"]
[EventType "swiss"]
[EventCountry "BLR"]
[SourceTitle "playchess.com"]
[Source "ChessBase"]
[SourceQuality "1"]
[TimeControl "900+10"]

1. d4 {[%emt 0:00:00]} d5 {[%emt 0:00:00]} 2. Nf3 {[%emt 0:00:01]} Nf6 {[%emt 0:00:00]} 3. c4 {[%emt 0:00:01]} e6 {[%emt 0:00:01]} 4. Bg5 {[%emt 0:00:05]} Nbd7 {[%emt 0:00:03]} 5. e3 {[%emt 0:00:02]} Be7 {[%emt 0:00:02]} 6. Nc3 {[%emt 0:00:03]} dxc4 {[%emt 0:00:05]} 7. Bxc4 {[%emt 0:00:04]} a6 {[%emt 0:00:07]} 8. O-O {[%emt 0:00:52]} b5 {[%emt 0:00:03]} 9. Bd3 {[%emt 0:00:02]} Bb7 {[%emt 0:00:04]} 10. Rc1 {[%emt 0:01:01]} c5 {[%emt 0:00:37]} 11. a4 {[%emt 0:03:28]} cxd4 {[%emt 0:01:07]} 12. Nxd4 {[%emt 0:00:05]} bxa4 {[%emt 0:00:02]} 13. Qxa4 {[%emt 0:00:48]} O-O {[%emt 0:00:32]} 14. Nc6 {[%emt 0:00:28]} Bxc6 {[%emt 0:01:07]} 15. Qxc6 {[%emt 0:00:04]} Qb6 {[%emt 0:00:06]} 16. Qxb6 {[%emt 0:01:17]} Nxb6 {[%emt 0:00:02]} 17. Ne4 {[%emt 0:00:40]} Nfd5 {[%emt 0:00:57]} 18. Bxe7 {[%emt 0:00:16]} Nxe7 {[%emt 0:00:10]} 19. Nc5 {[%emt 0:00:24]} a5 {[%emt 0:00:51]} 20. Rfd1 {[%emt 0:01:45]} Rfb8 {[%emt 0:03:10]} 21. Be4 {[%emt 0:00:52]} Nbd5 {[%emt 0:00:36]} 22. b3 {[%emt 0:00:19]} Ra7 {[%emt 0:01:54]} 23. Rd2 {[%emt 0:01:11]} Rc7 {[%emt 0:01:23]} 24. Rdc2 {[%emt 0:00:49]} Rbc8 {[%emt 0:01:04]} 25. Nb7 {[%emt 0:00:47]} Rxc2 {[%emt 0:00:36]} 26. Rxc2 {[%emt 0:00:01]} Rxc2 {[%emt 0:01:42]} 27. Bxc2 {[%emt 0:00:01]} Nb4 {[%emt 0:00:01]} 28. Be4 {[%emt 0:00:38]} Nec6 {[%emt 0:00:20]} 29. Kf1 {[%emt 0:00:34]} h6 {[%emt 0:00:07]} 30. Ke2 {[%emt 0:00:27]} Kf8 {[%emt 0:00:01]} 31. Kd2 {[%emt 0:00:29]} Ke7 {[%emt 0:00:16]} 32. Bxc6 {[%emt 0:00:52]} Nxc6 {[%emt 0:00:02]} 33. Kc3 {[%emt 0:00:01]} Kd7 {[%emt 0:00:23]} 34. Kc4 {[%emt 0:00:02]} Kc7 {[%emt 0:00:09]} 35. Nc5 {[%emt 0:00:01]} Ne5+ {[%emt 0:00:31]} 36. Kb5 {[%emt 0:00:03]} Ng4 {[%emt 0:00:03]} 37. Na6+ {[%emt 0:00:23]} Kb7 {[%emt 0:00:07]} 38. Nc5+ {[%emt 0:00:02]} Kc7 {[%emt 0:00:13]} 39. Kxa5 {[%emt 0:00:03]} Nxf2 {[%emt 0:00:02]} 40. b4 {[%emt 0:00:22]} Ng4 {[%emt 0:00:15]} 41. b5 {[%emt 0:00:03]} Ne5 {[%emt 0:00:18]} 42. b6+ {[%emt 0:00:25]} Kb8 {[%emt 0:00:04]} 43. Ka6 {[%emt 0:00:14]} h5 {[%emt 0:00:17]} 44. Ne4 {[%emt 0:01:11]} f6 {[%emt 0:00:52]} 45. Nc5 {[%emt 0:00:11]} g5 {[%emt 0:00:05]} 46. Nxe6 {[%emt 0:00:01]} h4 {[%emt 0:00:18]} 47. e4 {[%emt 0:00:19]} g4 {[%emt 0:00:26]} 48. Nc7 {[%emt 0:00:09]} Nf3 {[%emt 0:00:35]} 49. gxf3 {[%emt 0:00:33]} g3 {[%emt 0:00:09]} 50. hxg3 {[%emt 0:00:05]} hxg3 {[%emt 0:00:02]} 51. Kb5 {[%emt 0:00:16]} g2 52. Na6+ Ka8 {[%emt 0:00:13]} 53. Kc6 {[%emt 0:00:10]} g1=Q {[%emt 0:00:02]} 54. b7+ {[%emt 0:00:10]} Ka7 {[%emt 0:00:02]} 55. b8=Q+ {[%emt 0:00:07]} Kxa6 {[%emt 0:00:01]} 56. Qa8+ {[%emt 0:00:03]} Qa7 57. Qxa7+ Kxa7 {[%emt 0:00:06]} 58. Kd6 {[%emt 0:00:05]} 1-0

[Event "Kupreichik Memorial Rapid 2019"]
[Site "Minsk"]
[Date "2019.08.17"]
[Round "8.35"]
[White "Arlou, Valery"]
[Black "Makarau, Yauheni"]
[Result "1-0"]
[WhiteElo "1759"]
[BlackElo "1459"]
[Annotator "NA"]
[PlyCount "67"]
[EventDate "2019.08.15"]
[EventType "swiss"]
[EventCountry "BLR"]
[SourceTitle "playchess.com"]
[Source "ChessBase"]
[SourceQuality "1"]
[TimeControl "900+10"]

1. d4 {[%emt 0:00:00]} d5 {[%emt 0:00:00]} 2. Nf3 {[%emt 0:00:02]} e6 {[%emt 0:00:00]} 3. Bf4 {[%emt 0:00:03]} Nf6 {[%emt 0:00:00]} 4. e3 {[%emt 0:00:02]} Be7 {[%emt 0:00:00]} 5. Bd3 {[%emt 0:00:02]} O-O {[%emt 0:00:00]} 6. h3 {[%emt 0:00:02]} b6 {[%emt 0:00:03]} 7. O-O {[%emt 0:00:15]} Bb7 {[%emt 0:00:01]} 8. Nbd2 {[%emt 0:00:05]} c5 {[%emt 0:00:14]} 9. c3 {[%emt 0:00:03]} Nbd7 {[%emt 0:00:28]} 10. Rc1 {[%emt 0:00:11]} Ne4 {[%emt 0:01:26]} 11. c4 {[%emt 0:01:42]} Nxd2 {[%emt 0:00:17]} 12. Nxd2 {[%emt 0:00:21]} cxd4 {[%emt 0:00:56]} 13. exd4 {[%emt 0:00:35]} dxc4 {[%emt 0:00:46]} 14. Nxc4 {[%emt 0:02:16]} Nf6 {[%emt 0:00:52]} 15. Be5 {[%emt 0:00:33]} Rc8 {[%emt 0:04:39]} 16. Ne3 {[%emt 0:04:32]} Rxc1 {[%emt 0:00:58]} 17. Qxc1 {[%emt 0:00:02]} Bd6 {[%emt 0:00:16]} 18. Qb1 {[%emt 0:00:22]} h6 {[%emt 0:00:39]} 19. Rd1 {[%emt 0:01:07]} Bxe5 {[%emt 0:00:59]} 20. dxe5 {[%emt 0:00:04]} Nd5 {[%emt 0:00:04]} 21. Be4 {[%emt 0:00:56]} Qg5 {[%emt 0:03:12]} 22. Bxd5 {[%emt 0:00:18]} exd5 {[%emt 0:00:02]} 23. Qf5 {[%emt 0:01:20]} Qxf5 24. Nxf5 {[%emt 0:00:01]} Rd8 {[%emt 0:00:28]} 25. f4 {[%emt 0:00:33]} Bc8 {[%emt 0:00:34]} 26. Ne7+ {[%emt 0:00:48]} Kf8 {[%emt 0:00:01]} 27. Nxc8 {[%emt 0:00:03]} Rxc8 {[%emt 0:00:01]} 28. Rxd5 {[%emt 0:00:05]} Rc1+ {[%emt 0:00:01]} 29. Kh2 {[%emt 0:00:10]} Ke7 {[%emt 0:00:31]} 30. Rd2 {[%emt 0:00:04]} Rc4 {[%emt 0:00:03]} 31. Kg3 {[%emt 0:00:24]} Ke6 {[%emt 0:00:08]} 32. Kf3 {[%emt 0:00:09]} a5 {[%emt 0:00:42]} 33. Rd6+ {[%emt 0:00:11]} Kf5 {[%emt 0:00:03]} 34. g4# {[%emt 0:00:03] Ke4+ Kxe4} 1-0

[Event "Kupreichik Memorial Rapid 2019"]
[Site "Minsk"]
[Date "2019.08.17"]
[Round "8.36"]
[White "Shaban, Aliaksandra"]
[Black "Kasperovich, Mikhail"]
[Result "1-0"]
[WhiteElo "1734"]
[BlackElo "1324"]
[Annotator "NA RC"]
[PlyCount "115"]
[EventDate "2019.08.15"]
[EventType "swiss"]
[EventCountry "BLR"]
[SourceTitle "playchess.com"]
[Source "ChessBase"]
[SourceQuality "1"]
[TimeControl "900+10"]

1. d4 {[%emt 0:00:00]} d5 {[%emt 0:00:00]} 2. Nf3 {[%emt 0:00:00]} Nf6 {[%emt 0:00:00]} 3. e3 {[%emt 0:00:20]} e6 {[%emt 0:00:06]} 4. Bd3 {[%emt 0:00:28]} Bd6 {[%emt 0:00:09]} 5. O-O {[%emt 0:00:23]} O-O {[%emt 0:00:04]} 6. Nbd2 {[%emt 0:00:26]} c5 {[%emt 0:00:58]} 7. b3 {[%emt 0:00:15]} Nc6 {[%emt 0:01:22]} 8. Bb2 {[%emt 0:00:22]} cxd4 {[%emt 0:00:16]} 9. exd4 {[%emt 0:00:03]} b6 {[%emt 0:00:29]} 10. a3 {[%emt 0:00:12]} a5 {[%emt 0:01:17]} 11. Qe2 {[%emt 0:00:38]} Bb7 {[%emt 0:00:24]} 12. Ne5 {[%emt 0:00:05]} Bxe5 {[%emt 0:01:37]} 13. dxe5 {[%emt 0:00:07]} Nd7 {[%emt 0:00:03]} 14. f4 {[%emt 0:00:15]} Nc5 {[%emt 0:00:18]} 15. Bxh7+ {[%emt 0:03:20]} Kxh7 {[%emt 0:00:09]} 16. Qh5+ {[%emt 0:00:00]} Kg8 {[%emt 0:00:06]} 17. Rf3 {[%emt 0:00:02]} Re8 {[%emt 0:01:41]} 18. Rh3 {[%emt 0:00:07]} Kf8 {[%emt 0:00:02]} 19. Qh8+ {[%emt 0:00:37]} Ke7 {[%emt 0:00:01]} 20. Qxg7 {[%emt 0:00:02]} Rg8 {[%emt 0:03:27]} 21. Qh7 {[%emt 0:00:48]} Rh8 {[%emt 0:00:23]} 22. Qxh8 {[%emt 0:01:33]} Qxh8 {[%emt 0:00:01]} 23. Rxh8 {[%emt 0:00:01]} Rxh8 {[%emt 0:00:01]} 24. Nf3 {[%emt 0:00:16]} Ne4 {[%emt 0:00:42]} 25. Rd1 {[%emt 0:01:47]} Ba6 {[%emt 0:01:43]} 26. Re1 {[%emt 0:00:48]} Nc5 {[%emt 0:00:39]} 27. Re3 {[%emt 0:01:56]} Rd8 {[%emt 0:00:35]} 28. Nd4 {[%emt 0:00:26]} Nxd4 {[%emt 0:00:41]} 29. Bxd4 {[%emt 0:00:01]} Rc8 {[%emt 0:00:42]} 30. h4 {[%emt 0:01:35]} Nd7 {[%emt 0:00:49]} 31. c3 {[%emt 0:00:41]} Rg8 {[%emt 0:00:51]} 32. b4 {[%emt 0:00:42]} a4 {[%emt 0:00:24]} 33. g3 {[%emt 0:00:13]} b5 {[%emt 0:00:09]} 34. Kg2 {[%emt 0:00:19]} Nf8 {[%emt 0:00:05]} 35. Kf3 {[%emt 0:00:06]} Ng6 {[%emt 0:00:05]} 36. h5 {[%emt 0:00:05]} Nf8 {[%emt 0:00:04]} 37. g4 {[%emt 0:00:09]} Nh7 {[%emt 0:00:02]} 38. Re1 {[%emt 0:00:32]} f6 {[%emt 0:00:11]} 39. h6 {[%emt 0:00:54]} Bb7 {[%emt 0:00:26]} 40. Rg1 Bc6 {[%emt 0:00:09]} 41. Kf2 {[%emt 0:00:18]} Be8 {[%emt 0:00:07]} 42. exf6+ {[%emt 0:00:12]} Nxf6 {[%emt 0:00:02]} 43. g5 {[%emt 0:00:20]} Ne4+ {[%emt 0:00:12]} 44. Ke3 {[%emt 0:00:01]} Bg6 {[%emt 0:00:07]} 45. Rh1 {[%emt 0:00:10]} Bh7 {[%emt 0:00:02]} 46. Bg7 {[%emt 0:00:07]} Ng3 {[%emt 0:00:05]} 47. Bf6+ {[%emt 0:00:12]} Kf7 {[%emt 0:00:03]} 48. Rg1 {[%emt 0:00:10]} Nf5+ {[%emt 0:00:01]} 49. Kd2 {[%emt 0:00:05]} Nxh6 {[%emt 0:00:03]} 50. Rh1 {[%emt 0:00:10]} Rg6 {[%emt 0:00:48]} 51. Bd4 {[%emt 0:00:04]} Nf5 {[%emt 0:00:31]} 52. Rxh7+ {[%emt 0:00:03]} Ng7 {[%emt 0:00:04]} 53. Ke3 {[%emt 0:00:08]} Kg8 {[%emt 0:00:02]} 54. Rxg7+ {[%emt 0:00:08]} Rxg7 {[%emt 0:00:03]} 55. Bxg7 {[%emt 0:00:01]} Kxg7 {[%emt 0:00:00]} 56. Kd4 {[%emt 0:00:03]} Kg6 {[%emt 0:00:00]} 57. Ke5 {[%emt 0:00:03]} Kf7 58. g6+ {[%emt 0:00:04]} 1-0

[Event "Kupreichik Memorial Rapid 2019"]
[Site "Minsk"]
[Date "2019.08.17"]
[Round "8.38"]
[White "Karlov, Egor"]
[Black "Kashtelyan, Valentin"]
[Result "1/2-1/2"]
[WhiteElo "1728"]
[BlackElo "1488"]
[Annotator "NA RC"]
[PlyCount "244"]
[EventDate "2019.08.15"]
[EventType "swiss"]
[EventCountry "BLR"]
[SourceTitle "playchess.com"]
[Source "ChessBase"]
[SourceQuality "1"]
[TimeControl "900+10"]

1. d4 {[%emt 0:00:00]} c5 {[%emt 0:00:12]} 2. c3 {[%emt 0:00:34]} e6 {[%emt 0:00:10]} 3. Nf3 {[%emt 0:00:05]} d5 {[%emt 0:00:07]} 4. g3 {[%emt 0:00:14]} Nf6 {[%emt 0:00:08]} 5. Bg2 {[%emt 0:00:01]} Nc6 {[%emt 0:00:02]} 6. O-O {[%emt 0:00:06]} Be7 {[%emt 0:00:06]} 7. Nbd2 {[%emt 0:00:29]} O-O {[%emt 0:00:11]} 8. dxc5 {[%emt 0:00:38]} Bxc5 {[%emt 0:00:03]} 9. Nb3 {[%emt 0:00:01]} Be7 {[%emt 0:00:06]} 10. Qc2 {[%emt 0:00:31]} a6 {[%emt 0:00:09]} 11. Nfd4 {[%emt 0:00:30]} Bd7 {[%emt 0:00:43]} 12. Rd1 {[%emt 0:00:29]} Qc8 {[%emt 0:00:24]} 13. Nxc6 {[%emt 0:01:24]} Bxc6 {[%emt 0:00:20]} 14. Bf4 {[%emt 0:00:07]} b5 {[%emt 0:00:47]} 15. h3 {[%emt 0:00:54]} Nh5 {[%emt 0:00:26]} 16. Be3 {[%emt 0:00:06]} Nf6 {[%emt 0:00:16]} 17. g4 {[%emt 0:01:42]} Nd7 {[%emt 0:00:20]} 18. Rd2 {[%emt 0:05:02]} Ne5 {[%emt 0:00:09]} 19. Bf4 {[%emt 0:00:53]} Nc4 {[%emt 0:00:10]} 20. Rdd1 {[%emt 0:00:02]} a5 {[%emt 0:01:57]} 21. Nd4 {[%emt 0:00:31]} Qb7 {[%emt 0:00:08]} 22. e4 {[%emt 0:01:24]} Rac8 {[%emt 0:00:32]} 23. Nxc6 {[%emt 0:00:09]} Qxc6 {[%emt 0:00:41]} 24. exd5 {[%emt 0:00:01]} exd5 {[%emt 0:00:23]} 25. Bxd5 {[%emt 0:00:10]} Qb6 {[%emt 0:00:14]} 26. Be4 {[%emt 0:00:07]} h6 {[%emt 0:00:49]} 27. Bg3 {[%emt 0:00:39]} Bf6 {[%emt 0:00:31]} 28. Rd3 {[%emt 0:00:31]} Ne5 {[%emt 0:00:42]} 29. Rdd1 {[%emt 0:01:16]} b4 {[%emt 0:00:17]} 30. Bf5 {[%emt 0:00:19]} Rcd8 {[%emt 0:00:30]} 31. Rxd8 {[%emt 0:00:19]} Rxd8 {[%emt 0:00:06]} 32. cxb4 {[%emt 0:00:22]} Qxb4 {[%emt 0:00:54]} 33. Rc1 {[%emt 0:00:30]} Nf3+ {[%emt 0:00:33]} 34. Kh1 {[%emt 0:00:12]} Qxb2 {[%emt 0:00:31]} 35. Qxb2 {[%emt 0:00:06]} Bxb2 {[%emt 0:00:04]} 36. Rb1 {[%emt 0:00:06]} Be5 {[%emt 0:00:18]} 37. Bxe5 {[%emt 0:00:22]} Nxe5 {[%emt 0:00:02]} 38. Kg2 {[%emt 0:00:02]} g6 {[%emt 0:00:10]} 39. Be4 {[%emt 0:00:11]} Rd4 {[%emt 0:00:29]} 40. Bf3 {[%emt 0:00:10]} Nxf3 {[%emt 0:00:04]} 41. Kxf3 {[%emt 0:00:02]} Rd3+ {[%emt 0:00:14]} 42. Kg2 {[%emt 0:00:02]} Ra3 {[%emt 0:00:14]} 43. Rb2 {[%emt 0:00:07]} Kg7 {[%emt 0:00:14]} 44. f3 {[%emt 0:00:22]} Ra4 {[%emt 0:00:10]} 45. Kg3 {[%emt 0:00:10]} g5 {[%emt 0:00:19]} 46. Kf2 {[%emt 0:00:16]} Kf6 {[%emt 0:00:33]} 47. Re2 {[%emt 0:00:01]} Rb4 {[%emt 0:00:08]} 48. Kg3 {[%emt 0:00:23]} a4 {[%emt 0:00:09]} 49. Re3 {[%emt 0:00:07]} Rb2 {[%emt 0:01:23]} 50. Ra3 {[%emt 0:00:06]} Rb4 {[%emt 0:00:01]} 51. Re3 {[%emt 0:00:02]} Kg6 {[%emt 0:00:10]} 52. Rd3 {[%emt 0:00:06]} f6 {[%emt 0:00:24]} 53. Rc3 {[%emt 0:00:20]} h5 {[%emt 0:00:08]} 54. gxh5+ {[%emt 0:00:24]} Kxh5 {[%emt 0:00:02]} 55. Rc8 {[%emt 0:00:10]} Kg6 {[%emt 0:00:15]} 56. Rc3 {[%emt 0:00:01]} Kh5 {[%emt 0:00:18]} 57. Rd3 {[%emt 0:00:22]} f5 {[%emt 0:00:14]} 58. h4 {[%emt 0:00:13]} Rxh4 {[%emt 0:00:12]} 59. Rd8 {[%emt 0:00:01]} Rb4 {[%emt 0:00:22]} 60. Rh8+ {[%emt 0:00:05]} Kg6 {[%emt 0:00:01]} 61. Rg8+ {[%emt 0:00:01]} Kf6 {[%emt 0:01:05]} 62. Rf8+ {[%emt 0:00:02]} Ke6 {[%emt 0:00:33]} 63. Ra8 {[%emt 0:00:24]} Ke5 {[%emt 0:01:18]} 64. Ra5+ {[%emt 0:00:03]} Kf6 {[%emt 0:00:05]} 65. Ra6+ {[%emt 0:00:01]} Kg7 {[%emt 0:00:08]} 66. Ra5 {[%emt 0:00:07]} Kg6 {[%emt 0:00:02]} 67. Ra6+ {[%emt 0:00:01]} Kh5 {[%emt 0:00:03]} 68. Ra5 {[%emt 0:00:01]} f4+ {[%emt 0:00:06]} 69. Kh3 {[%emt 0:00:03]} Rd4 {[%emt 0:00:34]} 70. Ra8 {[%emt 0:00:13]} Rd3 {[%emt 0:00:53]} 71. Rh8+ {[%emt 0:00:03]} Kg6 {[%emt 0:00:11]} 72. Kg4 {[%emt 0:00:09]} Ra3 {[%emt 0:00:22]} 73. Rh2 {[%emt 0:00:10]} Rc3 {[%emt 0:00:14]} 74. Rb2 {[%emt 0:00:03]} Rc5 {[%emt 0:00:13]} 75. Rb6+ {[%emt 0:00:11]} Kf7 {[%emt 0:00:05]} 76. Ra6 {[%emt 0:00:08]} Ke7 {[%emt 0:00:40]} 77. Rxa4 {[%emt 0:00:04]} Kd7 {[%emt 0:00:06]} 78. Rd4+ {[%emt 0:00:08]} Ke6 {[%emt 0:00:03]} 79. a4 {[%emt 0:00:07]} Ra5 {[%emt 0:00:11]} 80. Rb4 {[%emt 0:00:22]} Kd6 {[%emt 0:00:06]} 81. Rb5 {[%emt 0:00:17]} Rxa4 {[%emt 0:00:07]} 82. Rxg5 {[%emt 0:00:05]} Ke6 {[%emt 0:00:08]} 83. Rf5 {[%emt 0:00:02]} Ra1 {[%emt 0:00:19]} 84. Kxf4 {[%emt 0:00:27]} Rg1 {[%emt 0:00:10]} 85. Rg5 {[%emt 0:00:21]} Rb1 {[%emt 0:00:11]} 86. Rg2 {[%emt 0:00:34]} Rb4+ {[%emt 0:00:12]} 87. Kg5 {[%emt 0:00:05]} Rb5+ {[%emt 0:00:11]} 88. Kg4 {[%emt 0:00:01]} Kf6 {[%emt 0:00:15]} 89. f4 {[%emt 0:00:01]} Rb4 {[%emt 0:00:09]} 90. Rc2 {[%emt 0:00:05]} Rb6 {[%emt 0:00:02]} 91. Rh2 {[%emt 0:00:11]} Rb1 {[%emt 0:00:07]} 92. Rh3 {[%emt 0:00:31]} Rg1+ {[%emt 0:00:09]} 93. Rg3 {[%emt 0:00:09]} Rxg3+ {[%emt 0:00:07]} 94. Kxg3 {[%emt 0:00:02]} Kf5 {[%emt 0:00:02]} 95. Kf3 {[%emt 0:00:01]} Kf6 {[%emt 0:00:02]} 96. Kg4 {[%emt 0:00:08]} Kg6 {[%emt 0:00:01]} 97. f5+ {[%emt 0:00:01]} Kf6 {[%emt 0:00:01]} 98. Kf4 {[%emt 0:00:02]} Kf7 {[%emt 0:00:02]} 99. Ke5 {[%emt 0:00:07]} Ke7 {[%emt 0:00:01]} 100. f6+ {[%emt 0:00:21]} Kf7 {[%emt 0:00:01]} 101. Kf5 {[%emt 0:00:09]} Kf8 {[%emt 0:00:02]} 102. Ke4 {[%emt 0:00:40]} Kf7 {[%emt 0:00:03]} 103. Ke5 {[%emt 0:00:02]} Kf8 {[%emt 0:00:29]} 104. Kf4 {[%emt 0:00:42]} Kf7 {[%emt 0:00:04]} 105. Kg5 {[%emt 0:00:09]} Kf8 {[%emt 0:00:03]} 106. Kg6 {[%emt 0:00:15]} Kg8 {[%emt 0:00:02]} 107. Kg5 {[%emt 0:00:08]} Kf7 {[%emt 0:00:13]} 108. Kf5 {[%emt 0:00:06]} Kf8 {[%emt 0:00:02]} 109. Ke5 {[%emt 0:00:13]} Kf7 {[%emt 0:00:05]} 110. Kf5 {[%emt 0:00:10]} Kf8 {[%emt 0:00:03]} 111. Kg4 {[%emt 0:00:08]} Kf7 {[%emt 0:00:02]} 112. Kg5 {[%emt 0:00:01]} Kf8 {[%emt 0:00:13]} 113. Kf4 {[%emt 0:00:19]} Kf7 {[%emt 0:00:03]} 114. Kf5 {[%emt 0:00:01]} Kf8 {[%emt 0:00:01]} 115. Kf4 {[%emt 0:00:06]} Kf7 {[%emt 0:00:01]} 116. Kg5 {[%emt 0:00:01]} Kf8 {[%emt 0:00:02]} 117. Kh6 {[%emt 0:00:03]} Kf7 {[%emt 0:00:06]} 118. Kg5 {[%emt 0:00:01]} Kf8 119. Kf5 Kf7 {[%emt 0:00:02]} 120. Ke5 {[%emt 0:00:03]} Kf8 {[%emt 0:00:01]} 121. Kd6 {[%emt 0:00:03]} Kf7 {[%emt 0:00:02]} 122. Ke5 {[%emt 0:00:02]} Kf8 {[%emt 0:00:02]} 1/2-1/2

[Event "Kupreichik Memorial Rapid 2019"]
[Site "Minsk"]
[Date "2019.08.17"]
[Round "8.39"]
[White "Drobyshevsky, Vasily"]
[Black "Lavrishchev, Matvei"]
[Result "1-0"]
[WhiteElo "1441"]
[BlackElo "1175"]
[Annotator "NA RC"]
[PlyCount "57"]
[EventDate "2019.08.15"]
[EventType "swiss"]
[EventCountry "BLR"]
[SourceTitle "playchess.com"]
[Source "ChessBase"]
[SourceQuality "1"]
[TimeControl "900+10"]

1. c4 {[%emt 0:00:00]} e6 {[%emt 0:00:00]} 2. Nc3 {[%emt 0:00:00]} d5 {[%emt 0:00:00]} 3. e3 {[%emt 0:00:00]} c6 {[%emt 0:00:00]} 4. Nf3 {[%emt 0:00:00]} Nf6 {[%emt 0:00:00]} 5. d4 {[%emt 0:00:02]} Nbd7 {[%emt 0:00:00]} 6. Ne5 {[%emt 0:00:38]} Bd6 {[%emt 0:00:02]} 7. f4 {[%emt 0:00:01]} O-O {[%emt 0:00:17]} 8. Be2 {[%emt 0:00:07]} Bxe5 {[%emt 0:00:23]} 9. fxe5 {[%emt 0:00:02]} Ne8 {[%emt 0:00:04]} 10. cxd5 {[%emt 0:00:05]} exd5 {[%emt 0:00:05]} 11. O-O {[%emt 0:00:12]} g6 {[%emt 0:00:18]} 12. Bd3 {[%emt 0:00:15]} Ng7 {[%emt 0:00:02]} 13. b3 {[%emt 0:00:35]} Ne6 {[%emt 0:00:02]} 14. Ba3 {[%emt 0:00:09]} Re8 {[%emt 0:00:14]} 15. Qf3 {[%emt 0:00:16]} Rf8 {[%emt 0:02:19]} 16. Bxf8 {[%emt 0:00:15]} Qxf8 {[%emt 0:00:01]} 17. Rf2 {[%emt 0:00:31]} Nd8 {[%emt 0:00:35]} 18. Raf1 {[%emt 0:00:12]} Qg7 {[%emt 0:00:04]} 19. e4 {[%emt 0:01:21]} dxe4 {[%emt 0:00:06]} 20. Nxe4 {[%emt 0:00:04]} h6 {[%emt 0:00:13]} 21. Nd6 {[%emt 0:00:05]} Rb8 {[%emt 0:00:52]} 22. Bc4 {[%emt 0:00:03]} b5 {[%emt 0:00:12]} 23. Bxf7+ {[%emt 0:00:22]} Nxf7 {[%emt 0:00:02]} 24. Qxf7+ {[%emt 0:00:21]} Qxf7 {[%emt 0:00:25]} 25. Rxf7 {[%emt 0:00:07]} Bb7 {[%emt 0:00:12]} 26. Rxd7 {[%emt 0:00:07]} Ba6 {[%emt 0:00:04]} 27. Rff7 {[%emt 0:00:08]} Kh8 {[%emt 0:00:30]} 28. Ne4 {[%emt 0:00:29]} Re8 {[%emt 0:00:17]} 29. Nf6 {[%emt 0:00:06]} 1-0

[Event "Kupreichik Memorial Rapid 2019"]
[Site "Minsk"]
[Date "2019.08.17"]
[Round "9.1"]
[White "Tiviakov, Sergei"]
[Black "Zhigalko, Sergei"]
[Result "1/2-1/2"]
[WhiteElo "2611"]
[BlackElo "2574"]
[Annotator "TA"]
[PlyCount "41"]
[EventDate "2019.08.15"]
[EventType "swiss"]
[EventCountry "BLR"]
[SourceTitle "playchess.com"]
[Source "ChessBase"]
[SourceQuality "1"]

{[%evp 12,41,24,23,10,18,18,11,9,9,37,0,20,22,27,0,62,61,94,92,79,67,71,6,9,0,0,0,0,-12,-21,-9]} 1. e4 c5 2. Nc3 Nc6 3. Bb5 Nd4 4. Nf3 e6 5. O-O a6 6. Bd3 Nxf3+ 7. Qxf3 Qc7 {B30: Sicilian: 2...Nc6 3 Bb5, lines without ...g6} (7... Bd6 8. Be2 Qc7 9. Qh3 Ne7 10. d3 Ng6 11. g3 h5 12. f4 h4 13. Qg2 hxg3 14. hxg3 Be7 15. Be3 {1-0 (50) Alekseenko,K (2590)-Krasenkow,M (2671) Stockholm 2018}) 8. b3 Bd6 9. Qh3 Ne7 10. Bb2 Be5 11. Nd1 {[%cal Bc3d1,Bd1e3,Be3c4][%mdl 32]} Ng6 12. Bxe5 Qxe5 13. Ne3 $146 ({Predecessor:} 13. c3 Qf4 14. Qe3 b6 15. Bc2 {1-0 (27) Schunck,F (2105)-Launhardt,W (2133) LSS email 2012}) 13... O-O (13... Nf4 $11 14. Qf3 b5) 14. Nc4 $14 Qc7 {[#]} 15. e5 $1 f5 16. exf6 Rxf6 17. Bxg6 (17. a4 $16) 17... Rxg6 $11 {The position is equal.} 18. Qe3 d6 19. a4 b6 20. d3 Bb7 21. f3 {Accuracy: White = 49%, Black = 48%.} 1/2-1/2

[Event "Kupreichik Memorial Rapid 2019"]
[Site "Minsk"]
[Date "2019.08.17"]
[Round "9.2"]
[White "Vaganian, Rafael A"]
[Black "Sveshnikov, Evgeny"]
[Result "1/2-1/2"]
[WhiteElo "2514"]
[BlackElo "2483"]
[Annotator "ChessBase"]
[PlyCount "44"]
[EventDate "2019.08.15"]
[EventType "swiss"]
[EventCountry "BLR"]
[SourceTitle "playchess.com"]
[Source "ChessBase"]
[SourceQuality "1"]
[TimeControl "900+10"]

1. Nf3 {[%emt 0:00:00]} d5 {[%emt 0:00:00]} 2. g3 {[%emt 0:00:00]} g6 {[%emt 0:00:00]} 3. c4 {[%emt 0:00:06]} c6 {[%emt 0:00:01]} 4. cxd5 {[%emt 0:00:06]} cxd5 {[%emt 0:00:01]} 5. Bg2 {[%emt 0:00:02]} Bg7 {[%emt 0:00:02]} 6. d4 {[%emt 0:00:01]} Nf6 {[%emt 0:00:05]} 7. Ne5 {[%emt 0:00:02]} O-O {[%emt 0:00:10]} 8. Nc3 {[%emt 0:00:01]} Nc6 {[%emt 0:00:10]} 9. Nxc6 {[%emt 0:00:19]} bxc6 {[%emt 0:00:00]} 10. O-O {[%emt 0:00:01]} Bf5 {[%emt 0:00:27]} 11. Na4 {[%emt 0:00:28]} Nd7 {[%emt 0:00:32]} 12. Be3 {[%emt 0:00:29]} Qa5 {[%emt 0:02:44]} 13. b3 {[%emt 0:01:43]} Rfc8 {[%emt 0:02:18]} 14. Qe1 {[%emt 0:00:43]} Qxe1 {[%emt 0:01:16]} 15. Raxe1 {[%emt 0:00:38]} Nb6 {[%emt 0:00:09]} 16. Nc5 {[%emt 0:00:03]} Nd7 {[%emt 0:00:01]} 17. Rc1 {[%emt 0:01:31]} Nxc5 {[%emt 0:00:13]} 18. Rxc5 {[%emt 0:00:01]} a5 {[%emt 0:00:06]} 19. Rfc1 {[%emt 0:00:54]} Bd7 {[%emt 0:00:44]} 20. f4 {[%emt 0:00:48]} e6 {[%emt 0:00:20]} 21. Bf2 {[%emt 0:00:28]} Bf8 {[%emt 0:00:27]} 22. R5c2 {[%emt 0:00:02]} a4 {[%emt 0:00:02]} 1/2-1/2